000
00306nam a2200109Ia 4500
082
_a
303.60968 PREV
245
0
_a
Franchi,Vije
100
_a
Prevention and invertion practise in post Apartheid South Africa
_9
18919
942
_c
BK
020
_a
9780789021045"
008
210816s9999 xx 000 0 und d
999
_c
85195
_d
85195